Chân dung và đối thoại (Bình luận văn chương)
Gespeichert in:
| 1. Verfasser: | |
|---|---|
| Format: | Buch |
| Sprache: | Undetermined |
| Veröffentlicht: |
Hà Nội
Thanh Niên
1999
|
| Schlagworte: | |
| Tags: |
Tag hinzufügen
Keine Tags, Fügen Sie den ersten Tag hinzu!
|
| Thư viện lưu trữ: | Trung tâm Học liệu Trường Đại học Cần Thơ |
|---|
| LEADER | 00587nam a2200193Ia 4500 | ||
|---|---|---|---|
| 001 | CTU_29736 | ||
| 008 | 210402s9999 xx 000 0 und d | ||
| 020 | |b 30.000đ | ||
| 082 | |a 809 | ||
| 082 | |b Kh401/1999 | ||
| 100 | |a Trần Đăng Khoa | ||
| 245 | 0 | |a Chân dung và đối thoại (Bình luận văn chương) | |
| 245 | 0 | |c Trần Đăng Khoa | |
| 260 | |a Hà Nội | ||
| 260 | |b Thanh Niên | ||
| 260 | |c 1999 | ||
| 650 | |a vietnamese literature - history and criticism | ||
| 904 | |i Minh, 990420 | ||
| 980 | |a Trung tâm Học liệu Trường Đại học Cần Thơ | ||